| 000 | 00658cam a22001815a 4500 | ||
|---|---|---|---|
| 001 | ##J100719 | ||
| 008 | 000000s1907 000 0 eng u | ||
| 035 | _a(Sirsi) u100719 | ||
| 041 | 0 | _aeng | |
| 050 | 0 | 4 | _a942.273 $2 22 |
| 110 | 2 |
_aAuctioneers' Institute of the United Kingdom _93785 |
|
| 245 | 0 | 0 |
_aComing-of-age celebration. meeting in London of auctioneers and valuers of the United Kingdom _bJuly 23rd, 24th, 25th and 26th, 1907 _bprogramme of arrangements |
| 260 |
_aLondon _bAuctioneers' Institute of the United Kingdom _c1907 |
||
| 300 |
_a32p. _ill _c22cm. |
||
| 651 | 4 |
_aGreat Britain _y1707- |
|
| 690 | _aRICS SERVICES-RICS EVENTS | ||
| 942 | _n0 | ||
| 999 |
_c99776 _d99776 |
||